Statistiques concernant Drapeaux des pays commençant par I

Cliquez ici pour prendre le quiz!

Statistiques générales

  • Ce quiz a été pris 155 fois
  • Le résultat moyen est 9 sur 10

Statistiques - réponses

Réponse% Correct
Inde
100%
Italie
100%
Irlande
99%
Israël
99%
Iran
98%
Islande
97%
Irak
95%
Indonésie
94%
Îles {Marshall}
67%
Îles {Salomon}
64%

Distribution des résultats

Percentile par nombre de réponses

% des personnes avec chaque résultat

Votre développement - résultats

Vous n’avez pas pris ce quiz